[Event "Open Ciutat de Sabadell 2014"]
[Site "Sabadell ESP"]
[Date "2014.09.02"]
[Round "1.1"]
[White "Anguera Maestro, Jaime"]
[Black "Sandipan, Chanda"]
[Result "0-1"]
[WhiteElo "2135"]
[BlackElo "2619"]
[PlyCount "103"]
[EventDate "2014.09.02"]
[EventType "swiss"]
[EventRounds "9"]
[EventCountry "ESP"]
[Source "lmi"]
[SourceDate "2014.09.02"]

1. d4 f5 2. c4 Nf6 3. Nc3 g6 4. g3 Bg7 5. Bg2 O-O 6. Nf3 d6 7. O-O Qe8 8. Bg5
e5 9. dxe5 dxe5 10. Nd5 Nxd5 11. Qxd5+ Kh8 12. Qd2 f4 13. gxf4 h6 14. fxe5 hxg5
15. Qxg5 Rf5 16. Qg3 Bxe5 17. Nxe5 Rxe5 18. Rad1 Nc6 19. Bxc6 bxc6 20. Qh4+ Kg7
21. Rd8 Re4 22. f4 Bf5 23. Rxe8 Raxe8 24. Rd1 Rxe2 25. Rd8 Re1+ 26. Kf2 R8e2+
27. Kg3 Re3+ 28. Kf2 R3e2+ 29. Kg3 Re3+ 30. Kf2 R1e2+ 31. Kg1 Rh3 32. Qg5 Re1+
33. Kf2 Ree3 34. Rd1 Re4 35. Re1 Rxh2+ 36. Kg1 Rh5 37. Qg3 Rh3 38. Qf2 Rxc4 39.
Qxa7 Kh6 40. Qxc7 Rc2 41. Qe7 Rg3+ 42. Kh1 Kh5 43. Re2 Rxe2 44. Qxe2+ Kh4 45.
a4 Bd3 46. Qe5 Kh3 47. Qh8+ Kg4 48. Qe5 Kf3 49. a5 Be4 50. Kh2 Rg2+ 51. Kh1 Rc2
52. Kg1 0-1

[Event "Open Ciutat de Sabadell 2014"]
[Site "Sabadell ESP"]
[Date "2014.09.02"]
[Round "1.2"]
[White "Alonso Rosell, Alvar"]
[Black "Asensio Linan, Teodoro"]
[Result "1/2-1/2"]
[WhiteElo "2535"]
[BlackElo "2130"]
[PlyCount "75"]
[EventDate "2014.09.02"]
[EventType "swiss"]
[EventRounds "9"]
[EventCountry "ESP"]
[Source "lmi"]
[SourceDate "2014.09.02"]

1. Nf3 Nf6 2. d4 g6 3. g3 Bg7 4. Bg2 O-O 5. O-O d6 6. c4 Nc6 7. Nc3 Bg4 8. d5
Na5 9. Nd2 c5 10. Qc2 a6 11. Rb1 b5 12. h3 Bf5 13. e4 Bd7 14. b3 Nh5 15. Bb2
Rb8 16. Ne2 bxc4 17. bxc4 e5 18. Bc3 Qc7 19. Rb2 Bf6 20. g4 Ng7 21. f4 Rb4 22.
fxe5 Bxe5 23. Bxe5 dxe5 24. Nc1 h5 25. g5 h4 26. Nd3 Nh5 27. Nxb4 cxb4 28. c5
Bb5 29. Rf2 Nf4 30. Rxf4 exf4 31. Rxb4 Rc8 32. a4 Be2 33. Bf3 Qa7 34. Kg2 Rxc5
35. Rb8+ Qxb8 36. Qxc5 Nb3 37. Qf2 Nxd2 38. Qxe2 1/2-1/2

[Event "Open Ciutat de Sabadell 2014"]
[Site "Sabadell ESP"]
[Date "2014.09.02"]
[Round "1.3"]
[White "Sayrol Clols, Josep Maria"]
[Black "Aroshidze, Levan"]
[Result "0-1"]
[WhiteElo "2115"]
[BlackElo "2531"]
[PlyCount "66"]
[EventDate "2014.09.02"]
[EventType "swiss"]
[EventRounds "9"]
[EventCountry "ESP"]
[Source "lmi"]
[SourceDate "2014.09.02"]

1. e4 c5 2. c3 Nf6 3. e5 Nd5 4. d4 cxd4 5. Bc4 Qc7 6. Qe2 Nb6 7. Bb3 d3 8. Qxd3
Qxe5+ 9. Be3 e6 10. Nf3 Qc7 11. O-O Nc6 12. Nbd2 Be7 13. Ne4 d5 14. Neg5 h6 15.
Nh3 g5 16. Bd4 Nxd4 17. Qxd4 Rg8 18. g4 h5 19. Bc2 hxg4 20. Bh7 gxf3 21. Bxg8
e5 22. Qe3 Bxh3 23. Bxf7+ Kxf7 24. Qxf3+ Bf6 25. Qxh3 Rh8 26. Qg3 Qc4 27. b3
Qf4 28. Rad1 e4 29. Rc1 Be5 30. h3 Qf6 31. Qg4 Rh4 32. Qg2 g4 33. hxg4 Rh2 0-1

[Event "Open Ciutat de Sabadell 2014"]
[Site "Sabadell ESP"]
[Date "2014.09.02"]
[Round "1.4"]
[White "Munoz Pantoja, Miguel"]
[Black "Ramirez Carrizo, Victor Jose"]
[Result "1-0"]
[WhiteElo "2421"]
[BlackElo "2098"]
[PlyCount "97"]
[EventDate "2014.09.02"]
[EventType "swiss"]
[EventRounds "9"]
[EventCountry "ESP"]
[Source "lmi"]
[SourceDate "2014.09.02"]

1. e4 Nc6 2. d4 d5 3. e5 f6 4. f4 Nh6 5. c3 Bg4 6. Nf3 e6 7. Bb5 Qd7 8. O-O Be7
9. Nbd2 a6 10. Qa4 Kf7 11. Bxc6 Qxc6 12. Qxc6 bxc6 13. h3 Bf5 14. g4 Bd3 15.
Rf2 c5 16. Nb3 cxd4 17. Nbxd4 c5 18. Nc6 f5 19. Ng5+ Bxg5 20. fxg5 Ng8 21. Be3
Rc8 22. Na5 Ne7 23. Nb7 Ng6 24. Bxc5 Nxe5 25. Bd4 Nc4 26. b3 Rc7 27. bxc4 Rxb7
28. cxd5 exd5 29. gxf5 Rhb8 30. f6 Rb1+ 31. Rxb1 Rxb1+ 32. Kh2 g6 33. Rf4 Rb2+
34. Kg3 Be4 35. Rh4 Rg2+ 36. Kf4 h5 37. c4 Rxa2 38. Ke5 Bg2 39. c5 Rc2 40. Kd6
Be4 41. c6 Rc4 42. Rxe4 dxe4 43. Bc5 e3 44. c7 Rxc5 45. Kxc5 e2 46. c8=Q e1=Q
47. Qd7+ Kf8 48. Qg7+ Ke8 49. f7+ 1-0

[Event "Open Ciutat de Sabadell 2014"]
[Site "Sabadell ESP"]
[Date "2014.09.03"]
[Round "2.1"]
[White "Sandipan, Chanda"]
[Black "Ortega Serra, Marc"]
[Result "1-0"]
[WhiteElo "2619"]
[BlackElo "2200"]
[PlyCount "55"]
[EventDate "2014.09.02"]
[EventType "swiss"]
[EventRounds "9"]
[EventCountry "ESP"]
[Source "lmi"]
[SourceDate "2014.09.02"]

1. Nf3 d5 2. g3 Nf6 3. Bg2 g6 4. d4 Bg7 5. O-O O-O 6. Nbd2 c6 7. c4 Nbd7 8. b3
Ne4 9. Bb2 Nxd2 10. Qxd2 dxc4 11. bxc4 Nb6 12. Rac1 Bg4 13. Rfd1 Qd7 14. c5 Nc8
15. d5 Bxb2 16. Qxb2 Bxf3 17. dxc6 Qc7 18. Qxb7 Qxb7 19. cxb7 Bxg2 20. Kxg2 Rb8
21. Rb1 Nb6 22. c6 e6 23. Rdc1 Nd5 24. c7 Nxc7 25. Rxc7 f5 26. Rbc1 e5 27. h4
e4 28. e3 1-0

[Event "Open Ciutat de Sabadell 2014"]
[Site "Sabadell ESP"]
[Date "2014.09.03"]
[Round "2.2"]
[White "Aroshidze, Levan"]
[Black "Capellades Subirana, Marc"]
[Result "1-0"]
[WhiteElo "2531"]
[BlackElo "2160"]
[PlyCount "77"]
[EventDate "2014.09.02"]
[EventType "swiss"]
[EventRounds "9"]
[EventCountry "ESP"]
[Source "lmi"]
[SourceDate "2014.09.02"]

1. e4 e5 2. Nf3 Nc6 3. Bb5 a6 4. Ba4 Nf6 5. O-O d6 6. c3 g6 7. d4 Bd7 8. Re1
Qe7 9. Nbd2 Bg7 10. Nf1 O-O 11. Ng3 Bg4 12. Bxc6 bxc6 13. dxe5 dxe5 14. h3 Rfd8
15. Qe2 Bd7 16. Be3 Ne8 17. Nd2 Nd6 18. Nb3 a5 19. Nc5 Be6 20. b3 f5 21. Bg5
Bf6 22. Bxf6 Qxf6 23. Nxe6 Qxe6 24. exf5 Nxf5 25. Nxf5 Qxf5 26. Qc4+ Qf7 27.
Qxc6 Rab8 28. Rxe5 Rd2 29. Qc5 Rf8 30. Rf1 Rxa2 31. Re7 Qxb3 32. Qxc7 Rf7 33.
Qd8+ Kg7 34. Qd4+ Kf8 35. Rfe1 Rxe7 36. Qd8+ Kg7 37. Rxe7+ Kh6 38. Qf8+ Kg5 39.
Re5+ 1-0

[Event "Open Ciutat de Sabadell 2014"]
[Site "Sabadell ESP"]
[Date "2014.09.03"]
[Round "2.3"]
[White "Diaz Camallonga, Carles"]
[Black "Munoz Pantoja, Miguel"]
[Result "1-0"]
[WhiteElo "2309"]
[BlackElo "2421"]
[PlyCount "141"]
[EventDate "2014.09.02"]
[EventType "swiss"]
[EventRounds "9"]
[EventCountry "ESP"]
[Source "lmi"]
[SourceDate "2014.09.02"]

1. Nf3 c5 2. e4 Nc6 3. Bb5 g6 4. Bxc6 bxc6 5. d3 Bg7 6. O-O d6 7. h3 e5 8. b3
Ne7 9. Bb2 O-O 10. Nbd2 f5 11. Qe2 h6 12. Nh2 g5 13. exf5 Bxf5 14. Ne4 Nd5 15.
Ng3 Nf4 16. Qd1 Bg6 17. Qd2 Qd7 18. Rae1 Rf7 19. b4 cxb4 20. Qxb4 c5 21. Qa3
Rb8 22. Bc1 Rb6 23. f3 Qc6 24. Ng4 c4 25. dxc4 Qxc4 26. Be3 Qxc2 27. Rf2 Qd3
28. Qc1 Rb1 29. Qxb1 Qxb1 30. Rxb1 Bxb1 31. Rb2 Bg6 32. Rb8+ Kh7 33. Ra8 h5 34.
Nf2 d5 35. Rxa7 d4 36. Rxf7 Bxf7 37. Bd2 Bxa2 38. Bxf4 exf4 39. Nge4 Kg6 40.
Nd3 Bc4 41. Nef2 Kf5 42. Kf1 Bf6 43. Ke2 Be7 44. Kd2 Bd8 45. Ne4 Bc7 46. Nef2
Bb5 47. Kc2 Ba4+ 48. Kd2 Ba5+ 49. Ke2 Bb5 50. Kd1 Ba4+ 51. Ke2 Bc3 52. Ne4 Bc6
53. Nef2 Bb5 54. Ne4 Bb4 55. Nef2 Ke6 56. Kd1 Bd6 57. Kd2 h4 58. Ne4 Be7 59.
Kc2 Kd5 60. Kd2 Bd7 61. Ke2 Bf5 62. Ndf2 Kc4 63. Nd3 Bc8 64. Ne5+ Kd5 65. Nd3
Ba6 66. Kd2 Bb5 67. Kc2 Bd8 68. Nb4+ Kc4 69. Nd3 Ba4+ 70. Kd2 Ba5+ 71. Ke2 1-0

[Event "Open Ciutat de Sabadell 2014"]
[Site "Sabadell ESP"]
[Date "2014.09.03"]
[Round "2.4"]
[White "Martinez Alcantara, Jose Eduar"]
[Black "Ortega Lopez, Mikel"]
[Result "1-0"]
[WhiteElo "2388"]
[BlackElo "1928"]
[PlyCount "59"]
[EventDate "2014.09.02"]
[EventType "swiss"]
[EventRounds "9"]
[EventCountry "ESP"]
[Source "lmi"]
[SourceDate "2014.09.02"]

1. e4 c5 2. Nf3 Nc6 3. d4 cxd4 4. Nxd4 Nf6 5. Nc3 d6 6. Bg5 e6 7. Qd2 a6 8.
O-O-O h6 9. Nxc6 bxc6 10. Bf4 d5 11. Qe3 Bb4 12. Be2 O-O 13. e5 Nh7 14. h4 Qa5
15. Rh3 f5 16. exf6 Nxf6 17. Be5 Bxc3 18. Bxc3 Qc7 19. Rg3 Kh8 20. Be5 Qf7 21.
Bd3 Bb7 22. Rg6 Qe7 23. g4 Rf7 24. Rg1 Rd8 25. g5 Nd7 26. gxh6 Nxe5 27. Qxe5
Qxh4 28. Rxg7 Qxh6+ 29. R7g5+ Rf6 30. Qxf6+ 1-0

[Event "Open Ciutat de Sabadell 2014"]
[Site "Sabadell ESP"]
[Date "2014.09.03"]
[Round "2.5"]
[White "Sanchez Lopez, Juan Manuel"]
[Black "Gonzalez Rodriguez, Jorge A"]
[Result "0-1"]
[WhiteElo "2094"]
[BlackElo "2383"]
[PlyCount "66"]
[EventDate "2014.09.02"]
[EventType "swiss"]
[EventRounds "9"]
[EventCountry "ESP"]
[Source "lmi"]
[SourceDate "2014.09.02"]

1. c4 Nf6 2. Nc3 c5 3. e4 Nc6 4. f4 d6 5. Be2 g6 6. d3 Bg7 7. Nf3 Bg4 8. O-O
Bxf3 9. Bxf3 O-O 10. g4 Nd4 11. f5 a6 12. Be3 Nd7 13. Qd2 Ne5 14. Be2 e6 15.
Bg5 Nxe2+ 16. Nxe2 f6 17. Bf4 Nxg4 18. h3 Ne5 19. Bxe5 dxe5 20. fxe6 Qd6 21.
Nc3 Qxe6 22. Kg2 f5 23. Nd5 Rf7 24. Rf2 f4 25. Qe2 h5 26. Rg1 Bf6 27. Nxf6+
Qxf6 28. Kh2 Kh7 29. Qf3 Rg7 30. Rfg2 Kh6 31. Qf2 Rd8 32. Rg5 Rxd3 33. Qxc5 Qe6
0-1

[Event "Open Ciutat de Sabadell 2014"]
[Site "Sabadell ESP"]
[Date "2014.09.03"]
[Round "2.6"]
[White "Valencia Jimenez, Jose"]
[Black "Gomez Jurado, Luis Alberto"]
[Result "0-1"]
[WhiteElo "2094"]
[BlackElo "2348"]
[PlyCount "78"]
[EventDate "2014.09.02"]
[EventType "swiss"]
[EventRounds "9"]
[EventCountry "ESP"]
[Source "lmi"]
[SourceDate "2014.09.02"]

1. d4 Nf6 2. c4 c5 3. d5 b5 4. cxb5 a6 5. b6 d6 6. Nc3 Nbd7 7. a4 Qxb6 8. a5
Qb4 9. Ra4 Qb8 10. Nf3 g6 11. g3 Bg7 12. Bg2 O-O 13. O-O Ra7 14. Nd2 Ne8 15.
Nc4 Rb7 16. Bg5 f6 17. Bd2 Nc7 18. f4 f5 19. e4 Nb5 20. e5 Nd4 21. e6 Nf6 22.
h3 Rb4 23. Rxb4 Qxb4 24. Qa4 Bb7 25. Nb6 Qxb2 26. Nc4 Qb4 27. Qa2 Nb3 28. Rb1
Qxc4 29. Qxb3 Qd4+ 30. Kh2 Qxd2 31. Qxb7 Qxc3 32. Qxe7 Nh5 33. Qxd6 Qxg3+ 34.
Kh1 Nxf4 35. Rg1 Ne2 36. Qxg3 Nxg3+ 37. Kh2 Be5 38. Re1 Bd6 39. Bf3 Rb8 0-1

[Event "Open Ciutat de Sabadell 2014"]
[Site "Sabadell ESP"]
[Date "2014.09.03"]
[Round "2.7"]
[White "Colon Garcia, Enrique"]
[Black "Alves Garcia, Eric"]
[Result "1-0"]
[WhiteElo "2343"]
[BlackElo "1519"]
[PlyCount "63"]
[EventDate "2014.09.02"]
[EventType "swiss"]
[EventRounds "9"]
[EventCountry "ESP"]
[Source "lmi"]
[SourceDate "2014.09.02"]

1. e4 e6 2. d3 d5 3. Nd2 dxe4 4. dxe4 b6 5. Ngf3 Bb7 6. Bb5+ c6 7. Be2 Nd7 8.
O-O Qc7 9. Re1 O-O-O 10. c3 Ngf6 11. a4 a5 12. Qc2 h6 13. Nc4 c5 14. Bf1 g5 15.
Na3 Kb8 16. b3 Rg8 17. Nb5 Qc6 18. e5 Ne4 19. Bd3 f5 20. exf6 Ndxf6 21. c4 Bd6
22. Bb2 Ka8 23. Nxd6 Qxd6 24. Bxe4 Nxe4 25. Rxe4 Bxe4 26. Qxe4+ Ka7 27. h3 Qd3
28. Qxe6 Qxb3 29. Bf6 Rb8 30. Ne5 Ka6 31. Nd7 Rbe8 32. Nxc5+ 1-0

[Event "Open Ciutat de Sabadell 2014"]
[Site "Sabadell ESP"]
[Date "2014.09.04"]
[Round "3.1"]
[White "Gonzalez Rodriguez, Jorge A"]
[Black "Sandipan, Chanda"]
[Result "0-1"]
[WhiteElo "2383"]
[BlackElo "2619"]
[PlyCount "100"]
[EventDate "2014.09.02"]
[EventType "swiss"]
[EventRounds "9"]
[EventCountry "ESP"]
[Source "lmi"]
[SourceDate "2014.09.02"]

1. b3 e5 2. Bb2 Nc6 3. e3 Nf6 4. c4 d5 5. cxd5 Nxd5 6. a3 Bd6 7. Nc3 Nxc3 8.
Bxc3 O-O 9. d3 f5 10. Nf3 Qe7 11. b4 e4 12. b5 Nd8 13. dxe4 fxe4 14. Qd5+ Kh8
15. Nd2 Bf5 16. Nc4 Bc5 17. g4 c6 18. bxc6 bxc6 19. Qe5 Be6 20. h4 Qf7 21. Rh2
Bd5 22. h5 Re8 23. Qf5 Bxc4 24. Qxc5 Bxf1 25. Kxf1 h6 26. Rb1 Qd7 27. Kg1 Ne6
28. Qf5 Rab8 29. Rxb8 Rxb8 30. Rg2 Rb1+ 31. Kh2 Qe7 32. Kg3 Ng5 33. Qc8+ Kh7
34. Qf5+ Kg8 35. Bb4 Qc7+ 36. Qf4 Qxf4+ 37. Kxf4 Kf7 38. Ke5 a5 39. Bd6 Rd1 40.
Bb8 c5 41. Bc7 a4 42. Bb6 c4 43. Bd4 Kg8 44. Kf5 Rc1 45. f4 exf3 46. Rb2 c3 47.
Rb8+ Kf7 48. Rb7+ Ke8 49. e4 Rd1 50. Be3 c2 0-1

[Event "Open Ciutat de Sabadell 2014"]
[Site "Sabadell ESP"]
[Date "2014.09.04"]
[Round "3.2"]
[White "Colon Garcia, Enrique"]
[Black "Aroshidze, Levan"]
[Result "1/2-1/2"]
[WhiteElo "2343"]
[BlackElo "2531"]
[PlyCount "86"]
[EventDate "2014.09.02"]
[EventType "swiss"]
[EventRounds "9"]
[EventCountry "ESP"]
[Source "lmi"]
[SourceDate "2014.09.02"]

1. Nf3 c5 2. c4 Nf6 3. Nc3 b6 4. g3 Bb7 5. Bg2 e6 6. O-O d6 7. Re1 a6 8. e4 Be7
9. d4 cxd4 10. Nxd4 Qc7 11. Be3 O-O 12. Rc1 Nbd7 13. f4 Rac8 14. f5 e5 15. Nd5
Qd8 16. Nb3 Nxd5 17. cxd5 Bg5 18. Qd2 Bxe3+ 19. Qxe3 Rxc1 20. Rxc1 Qb8 21. f6
g6 22. Rf1 Qd8 23. Qg5 h6 24. Qh4 Kh7 25. Bh3 b5 26. Nd2 Qb6+ 27. Kg2 Rc8 28.
Nf3 Rc2+ 29. Kh1 Qe3 30. Bxd7 Rc1 31. Ng5+ Kg8 32. Rxc1 Qxc1+ 33. Kg2 hxg5 34.
Qg4 Qxb2+ 35. Kh3 Qc1 36. Kg2 Qd2+ 37. Kh3 Kh7 38. Bc6 Qc1 39. Qd7 Qf1+ 40. Kg4
Qe2+ 41. Kh3 Kh6 42. Bxb7 Qf1+ 43. Kg4 Qe2+ 1/2-1/2

[Event "Open Ciutat de Sabadell 2014"]
[Site "Sabadell ESP"]
[Date "2014.09.04"]
[Round "3.3"]
[White "Vidarte Morales, Arturo"]
[Black "Martinez Alcantara, Jose Eduar"]
[Result "1/2-1/2"]
[WhiteElo "2329"]
[BlackElo "2388"]
[PlyCount "55"]
[EventDate "2014.09.02"]
[EventType "swiss"]
[EventRounds "9"]
[EventCountry "ESP"]
[Source "lmi"]
[SourceDate "2014.09.02"]

1. d4 Nf6 2. c4 g6 3. Nc3 d5 4. Nf3 Bg7 5. cxd5 Nxd5 6. g3 O-O 7. Bg2 c5 8. O-O
Nxc3 9. bxc3 Nc6 10. Rb1 cxd4 11. Nxd4 Nxd4 12. cxd4 Qxd4 13. Be3 Qc4 14. Bd5
Qa6 15. Qd3 Qxd3 16. exd3 Bh3 17. Rfd1 Rad8 18. Bxb7 Bd4 19. Ba6 Rd7 20. Bb5
Rd6 21. Bxd4 Rxd4 22. Rdc1 Rfd8 23. Rb3 Be6 24. Ra3 Rb4 25. Bc4 Bxc4 26. Rxc4
Rxc4 27. dxc4 Rd7 28. Kf1 1/2-1/2

[Event "Open Ciutat de Sabadell 2014"]
[Site "Sabadell ESP"]
[Date "2014.09.04"]
[Round "3.4"]
[White "Alonso Rosell, Alvar"]
[Black "Diaz Camallonga, Carles"]
[Result "1-0"]
[WhiteElo "2535"]
[BlackElo "2309"]
[PlyCount "47"]
[EventDate "2014.09.02"]
[EventType "swiss"]
[EventRounds "9"]
[EventCountry "ESP"]
[Source "lmi"]
[SourceDate "2014.09.02"]

1. Nf3 Nf6 2. g3 e6 3. c4 b6 4. Bg2 Bb7 5. O-O c5 6. Nc3 Be7 7. d4 cxd4 8. Qxd4
d6 9. Bg5 a6 10. Bxf6 Bxf6 11. Qf4 O-O 12. Rfd1 Be7 13. Ne4 Bxe4 14. Qxe4 Ra7
15. Nd4 Qc8 16. b3 Rc7 17. Rd2 Rd8 18. Qe3 Rc5 19. Rad1 Nd7 20. b4 Rc7 21. Nxe6
fxe6 22. Qxe6+ Kh8 23. Qxe7 Ne5 24. Qxe5 1-0

[Event "Open Ciutat de Sabadell 2014"]
[Site "Sabadell ESP"]
[Date "2014.09.04"]
[Round "3.5"]
[White "Lorenzo De La Riva, Lazaro"]
[Black "Morais Carreras, Javier"]
[Result "1-0"]
[WhiteElo "2391"]
[BlackElo "1985"]
[PlyCount "93"]
[EventDate "2014.09.02"]
[EventType "swiss"]
[EventRounds "9"]
[EventCountry "ESP"]
[Source "lmi"]
[SourceDate "2014.09.02"]

1. d4 d5 2. c4 e6 3. Nc3 Nf6 4. Nf3 Be7 5. Bg5 O-O 6. e3 c6 7. Rc1 Nbd7 8. Bd3
dxc4 9. Bxc4 Nd5 10. Bxe7 Qxe7 11. Ne4 Rd8 12. Bxd5 exd5 13. Ng3 Qb4+ 14. Qd2
Qxd2+ 15. Nxd2 Nf6 16. f3 Be6 17. Kf2 Rac8 18. Rc3 Rc7 19. Rhc1 Rdc8 20. Ne2
Kf8 21. Nf4 Ke7 22. b4 a6 23. a4 Kd8 24. g4 h6 25. Kg3 Bd7 26. h4 g5 27. hxg5
hxg5 28. Nd3 Be6 29. Ne5 Nd7 30. Nxd7 Kxd7 31. Nb3 Kd8 32. f4 gxf4+ 33. exf4
Re7 34. Nc5 Rcc7 35. Rh1 Re8 36. Re3 Bc8 37. Rxe8+ Kxe8 38. a5 Kf8 39. f5 Kg7
40. Re1 f6 41. Re8 Kf7 42. Rh8 Kg7 43. Rd8 Kf7 44. Kf4 Kg7 45. g5 fxg5+ 46.
Kxg5 Kh7 47. Kf6 1-0

[Event "Open Ciutat de Sabadell 2014"]
[Site "Sabadell ESP"]
[Date "2014.09.04"]
[Round "3.6"]
[White "Cuadras Avellana, Jordi"]
[Black "Asensio Linan, Teodoro"]
[Result "1/2-1/2"]
[WhiteElo "2316"]
[BlackElo "2130"]
[PlyCount "78"]
[EventDate "2014.09.02"]
[EventType "swiss"]
[EventRounds "9"]
[EventCountry "ESP"]
[Source "lmi"]
[SourceDate "2014.09.02"]

1. e4 e6 2. d4 d5 3. Nc3 Nf6 4. Bg5 dxe4 5. Nxe4 Be7 6. Bxf6 gxf6 7. Nf3 f5 8.
Nc3 a6 9. g3 b5 10. Bg2 Bb7 11. O-O c5 12. Qd2 O-O 13. Rad1 Bf6 14. Qe3 cxd4
15. Nxd4 Qc8 16. Nce2 Bxg2 17. Kxg2 Nc6 18. c3 Nxd4 19. Nxd4 b4 20. Qf3 bxc3
21. bxc3 Kh8 22. Ne2 Qc4 23. Rd7 Rac8 24. Rb1 Qc6 25. Rbb7 Qxf3+ 26. Kxf3 Bxc3
27. Rxf7 Rxf7 28. Rxf7 Kg8 29. Ra7 Rc6 30. Ke3 Bb4 31. Kf3 Rd6 32. Nf4 e5 33.
Nh5 Rd3+ 34. Kg2 Rd6 35. Rg7+ Kf8 36. Rg5 Bc3 37. Rxf5+ Ke7 38. Rf3 Rc6 39. Ng7
e4 1/2-1/2

[Event "Open Ciutat de Sabadell 2014"]
[Site "Sabadell ESP"]
[Date "2014.09.04"]
[Round "3.7"]
[White "Munoz Pantoja, Miguel"]
[Black "Valencia Jimenez, Jose"]
[Result "1-0"]
[WhiteElo "2421"]
[BlackElo "2094"]
[PlyCount "85"]
[EventDate "2014.09.02"]
[EventType "swiss"]
[EventRounds "9"]
[EventCountry "ESP"]
[Source "lmi"]
[SourceDate "2014.09.02"]

1. e4 g6 2. d4 Bg7 3. Nc3 c6 4. Nf3 d5 5. Bf4 dxe4 6. Nxe4 Bg4 7. c3 Nd7 8. Qe2
Kf8 9. h3 Bxf3 10. Qxf3 Ngf6 11. Bc4 Nxe4 12. Qxe4 Nf6 13. Qf3 Nd5 14. Bd2 e6
15. O-O Bf6 16. Rfe1 Kg7 17. Bxd5 cxd5 18. Bf4 Rc8 19. Re2 Re8 20. Rae1 b5 21.
Qe3 b4 22. cxb4 Rc4 23. Be5 Rxb4 24. b3 Bxe5 25. dxe5 Qc7 26. Rc1 Qb8 27. Qf3
Rc8 28. Qf6+ Kg8 29. Rec2 Rxc2 30. Rxc2 Rb7 31. Rc6 Rd7 32. h4 Qa8 33. Rc5 d4
34. h5 gxh5 35. Qg5+ Kf8 36. Qh6+ Kg8 37. Qg5+ Kf8 38. Qc1 Rd8 39. Rc7 Qe4 40.
Qg5 Re8 41. Qf6 Qg6 42. Qh8+ Qg8 43. Rxf7+ 1-0

[Event "Open Ciutat de Sabadell 2014"]
[Site "Sabadell ESP"]
[Date "2014.09.05"]
[Round "4.1"]
[White "Sandipan, Chanda"]
[Black "Lorenzo De La Riva, Lazaro"]
[Result "1-0"]
[WhiteElo "2619"]
[BlackElo "2391"]
[PlyCount "77"]
[EventDate "2014.09.02"]
[EventType "swiss"]
[EventRounds "9"]
[EventCountry "ESP"]
[Source "lmi"]
[SourceDate "2014.09.02"]

1. d4 Nf6 2. Bg5 e6 3. Nd2 h6 4. Bh4 d6 5. e4 Nc6 6. c3 e5 7. Bb5 Bd7 8. d5 Nb8
9. Qb3 Be7 10. Bxf6 Bxf6 11. Ngf3 O-O 12. Bxd7 Nxd7 13. O-O Rb8 14. c4 Bg5 15.
Qc2 Bxd2 16. Nxd2 Qg5 17. Rad1 a5 18. Qa4 Qe7 19. Qxa5 Ra8 20. Qb5 Rxa2 21.
Qxb7 Nc5 22. Qb5 Raa8 23. Qb4 Rfb8 24. Qc3 Na4 25. Qe3 Rxb2 26. Ra1 Rbb8 27.
Nb3 Qg5 28. Qd3 Qd8 29. Qc2 Nc5 30. Rxa8 Rxa8 31. Nxc5 dxc5 32. g3 Rb8 33. Ra1
Rb4 34. Ra6 Qe7 35. Qe2 g6 36. Ra8+ Kg7 37. Qg4 Rb2 38. Qc8 Kf6 39. h4 1-0

[Event "Open Ciutat de Sabadell 2014"]
[Site "Sabadell ESP"]
[Date "2014.09.05"]
[Round "4.2"]
[White "Martinez Alcantara, Jose Eduar"]
[Black "Alonso Rosell, Alvar"]
[Result "1/2-1/2"]
[WhiteElo "2388"]
[BlackElo "2535"]
[PlyCount "44"]
[EventDate "2014.09.02"]
[EventType "swiss"]
[EventRounds "9"]
[EventCountry "ESP"]
[Source "lmi"]
[SourceDate "2014.09.02"]

1. e4 c6 2. d4 d5 3. Nd2 dxe4 4. Nxe4 Bf5 5. Ng3 Bg6 6. h4 h6 7. Nf3 e6 8. Ne5
Bh7 9. Bd3 Bxd3 10. Qxd3 Nf6 11. Bd2 a5 12. O-O-O Bb4 13. c3 Be7 14. Qe2 Nbd7
15. f4 O-O 16. f5 Bd6 17. fxe6 fxe6 18. Ng6 Bxg3 19. Nxf8 Nxf8 20. Rh3 Bd6 21.
g4 Nd5 22. Rf1 Qe8 1/2-1/2

[Event "Open Ciutat de Sabadell 2014"]
[Site "Sabadell ESP"]
[Date "2014.09.05"]
[Round "4.3"]
[White "Aroshidze, Levan"]
[Black "Vidarte Morales, Arturo"]
[Result "1-0"]
[WhiteElo "2531"]
[BlackElo "2329"]
[PlyCount "41"]
[EventDate "2014.09.02"]
[EventType "swiss"]
[EventRounds "9"]
[EventCountry "ESP"]
[Source "lmi"]
[SourceDate "2014.09.02"]

1. e4 e5 2. Nf3 Nc6 3. Bb5 a6 4. Ba4 Nf6 5. O-O b5 6. Bb3 Bc5 7. a4 Rb8 8. c3
d6 9. d4 Bb6 10. a5 Ba7 11. Be3 Ra8 12. dxe5 Nxe5 13. Nxe5 dxe5 14. Qxd8+ Kxd8
15. Bxf7 Bxe3 16. fxe3 Bb7 17. Nd2 Ke7 18. Bb3 Rad8 19. Rad1 Rd3 20. Bc2 Rxe3
21. Rxf6 1-0

[Event "Open Ciutat de Sabadell 2014"]
[Site "Sabadell ESP"]
[Date "2014.09.05"]
[Round "4.4"]
[White "Munoz Pantoja, Miguel"]
[Black "Colon Garcia, Enrique"]
[Result "1-0"]
[WhiteElo "2421"]
[BlackElo "2343"]
[PlyCount "81"]
[EventDate "2014.09.02"]
[EventType "swiss"]
[EventRounds "9"]
[EventCountry "ESP"]
[Source "lmi"]
[SourceDate "2014.09.02"]

1. e4 d5 2. exd5 Qxd5 3. Nc3 Qd6 4. g3 Nf6 5. Bg2 g6 6. Nf3 Bg7 7. O-O O-O 8.
Re1 Bg4 9. h3 Bxf3 10. Qxf3 c6 11. d4 Qxd4 12. Rxe7 Qb4 13. Re2 Nbd7 14. a3 Qb6
15. Qd3 Rfe8 16. Be3 Qc7 17. Bf4 Ne5 18. Qd4 Nh5 19. Rae1 Nxf4 20. Qxf4 Re6 21.
Qb4 Rae8 22. Ne4 Nd7 23. h4 a5 24. Qd2 Nf6 25. Nxf6+ Bxf6 26. Rxe6 Rxe6 27.
Rxe6 fxe6 28. c3 Kg7 29. Bf3 Be7 30. h5 gxh5 31. Bxh5 Qe5 32. Qd7 Qxh5 33.
Qxe7+ Qf7 34. Qg5+ Qg6 35. Qe5+ Kh6 36. Qxa5 Qb1+ 37. Kg2 Qxb2 38. Qe5 Qxa3 39.
Qf6+ Kh5 40. Kh3 Qa4 41. f4 1-0

[Event "Open Ciutat de Sabadell 2014"]
[Site "Sabadell ESP"]
[Date "2014.09.05"]
[Round "4.5"]
[White "Asensio Linan, Teodoro"]
[Black "Gonzalez Rodriguez, Jorge A"]
[Result "0-1"]
[WhiteElo "2130"]
[BlackElo "2383"]
[PlyCount "122"]
[EventDate "2014.09.02"]
[EventType "swiss"]
[EventRounds "9"]
[EventCountry "ESP"]
[Source "lmi"]
[SourceDate "2014.09.02"]

1. d4 Nf6 2. Nf3 b6 3. Bg5 e6 4. e4 Be7 5. Bd3 Bb7 6. Nc3 d6 7. Qe2 a6 8. O-O
Nfd7 9. Qe3 c5 10. d5 b5 11. Rfd1 e5 12. Bxe7 Qxe7 13. a4 b4 14. Ne2 a5 15. Nd2
O-O 16. Nc4 Ba6 17. Rf1 Bxc4 18. Bxc4 g6 19. c3 Nb6 20. Bb5 N8d7 21. cxb4 cxb4
22. Rac1 Nc5 23. b3 Nbd7 24. Rc4 Nf6 25. h3 Rac8 26. Rfc1 Rc7 27. Ng3 Rfc8 28.
f3 h5 29. Re1 h4 30. Nf5 gxf5 31. Qg5+ Kh8 32. Rxc5 dxc5 33. Qh6+ Nh7 34. d6
Qf6 35. Qxf6+ Nxf6 36. dxc7 fxe4 37. fxe4 Rxc7 38. Kf2 Kg7 39. g4 Nh7 40. Re3
Ng5 41. Ke2 Rc8 42. Bc4 Kf6 43. Kd3 Ke7 44. Bd5 c4+ 45. Bxc4 Rc6 46. Ke2 Rf6
47. Bd5 Kd6 48. Bc4 Ke7 49. Bd5 Rf4 50. Ba8 Ne6 51. Kd3 Nd4 52. Bd5 f6 53. Kc4
Kd6 54. Bf7 Rf1 55. Bg8 Rc1+ 56. Kd3 Rc3+ 57. Kd2 Nf3+ 58. Ke2 Ng1+ 59. Kd2
Rxe3 60. Kxe3 Nxh3 61. Bd5 Nf4 0-1